00415nam a2200157Ia 45000010006000000050017000060080041000230410008000640820018000721000036000902450078001262600009002043000028002136500008002416540008002492356020260414150945.0260414t2015||||xx |||||||||||||| ||spa|| aESP a664.117bV915 aValiente Barderas, AntonioeAUT 0aProblemas de balance de materia y energía en la industria alimentariab c2015 a309 páginas :c26 cm. aTCA aCII